Organic crystals, germanates, semiconductors /

Guardado en:
Otros Autores: Demianets, L. N. 1939- (Contribuidor)
Formato: Libro
Idioma:English
Publicado: Berlin : Springer-Verlag, 1980.
Series:Crystals ; 4
Materias:
Etiquetas: Agregar Etiqueta
Sin Etiquetas, Sea el primero en etiquetar este registro!
LEADER 01334cam a22003015a 4500
001 EIQ.libpla000979
008 800813s1980####gw#ao####b####000#0#eng#d
005 20060630175222.0
245 0 0 |a Organic crystals, germanates, semiconductors /  |c with contributions by L.N. Demianets ... [et al.]. 
260 |a Berlin :  |b Springer-Verlag,  |c 1980. 
300 |a 219 p. :  |b il., fotos ;  |c 25 cm. 
440 0 |a Crystals ;  |v 4 
504 |a Incluye referencias bibliográficas. 
505 0 |a Karl, N. High purity organic molecular crystals. -- Demianets, L. N., Lobachev, A. N., Emelchenko, G. A. Rare-earth germanates. -- Maier, H. and Hesse, J. Growth, properties, and applications of narrow-gap semiconductors. 
020 |a 0387102981 (U.S.) 
700 1 |a Demianets, L. N.  |q (Lëiìudmila Nikolaevna),  |d 1939-  |4 ctb 
082 0 0 |a 548  |2 19 
650 4 |a Cristales moleculares  |x Propiedades. 
650 4 |a Cristales moleculares  |x Usos. 
650 4 |a Semiconductores de banda estrecha  |x Propiedades. 
650 4 |a Semiconductores de banda estrecha  |x Usos. 
650 4 |a Molecular crystals  |x Uses. 
650 4 |a Molecular crystals  |x Properties. 
650 4 |a Narrow gap semiconductors  |x Properties. 
650 4 |a Narrow gap semiconductors  |x Uses. 
010 |a  80020989  
040 |a DLC  |c DLC  |d AR-BbSID 
859 |a AR-BbSID  |b BIB. PLAPIQUI  |h 548  |i Or 4  |p 1559